[Event "EU-Cup 31st"]
[Site "Skopje"]
[Date "2015.10.24"]
[Round "7.3"]
[White "Grischuk, Alexander"]
[Black "Nakamura, Hikaru"]
[Result "1/2-1/2"]
[WhiteElo "2774"]
[BlackElo "2816"]
[Annotator "Postny,E"]
[PlyCount "80"]
[EventDate "2015.10.18"]
[EventType "team-swiss"]
[EventRounds "7"]
[EventCountry "MKD"]
[SourceTitle "CBM 169"]
[Source "ChessBase"]
[SourceDate "2015.11.10"]
[SourceVersion "1"]
[SourceVersionDate "2015.11.10"]
[SourceQuality "1"]
[WhiteTeam "Siberia"]
[BlackTeam "Padova"]
[WhiteTeamCountry "RUS"]
[BlackTeamCountry "ITA"]

1. d4 d5 2. Nf3 Nf6 3. Bf4 {Going away from the main theory. Recently Kramnik
successfully used this setup numerous times in the world rapid and blitz in
Berlin.} e6 (3... c5 4. e3 Nc6 5. Nbd2 Qb6 (5... Bg4 6. c3 Qb6 7. dxc5 Qxc5 8.
Qb3 Qb6 9. Qxb6 axb6 10. Bb5 $14 {1-0 (34) Kramnik,V (2777)-Meier,G (2654)
Berlin 2015}) 6. dxc5 Qxc5 (6... Qxb2 7. Rb1 Qc3 8. Bb5 Qxc5 9. c4 $44) 7. a3
Bf5 8. c4 $14 {1/2-1/2 (39) Kramnik,V (2777)-Cheparinov,I (2681) Berlin 2015})
4. e3 Bd6 5. Bg3 {White is hoping to open the h-file some day.} (5. Nbd2 c5 (
5... O-O 6. Bd3 b6 $11 {[%cal Gc8b7,Gc7c5]}) 6. dxc5 Bxc5 7. Bd3 Nc6 8. O-O O-O
9. c4 Be7 10. Rc1 h6 11. h3 $14 {1-0 (33) Kramnik,V (2777)-Belov,V (2614)
Berlin 2015}) 5... c5 6. Nbd2 Nc6 7. c3 O-O 8. Bd3 b6 {I also had a couple of
games in this line.} 9. e4 (9. Qe2 Bb7 10. O-O Re8 11. Ne5 Ne7 $6 (11... Qc7
$11) 12. Bb5 $1 Bxe5 (12... Rf8 13. Nd7 $1 Nxd7 14. Bxd6 $14) 13. dxe5 Nd7 14.
e4 $14 {0-1 (66) Prohaszka,P (2578)-Postny,E (2633) Austria 2013}) (9. Ne5 Bb7
10. f4 Ne7 $1 {An important manoeuvre. The knight is heading to d6 to control
the key e4-square.} 11. Qf3 Nf5 12. Bf2 Be7 13. O-O Nd6 14. Bh4 Nfe4 15. Bxe7
Qxe7 $15 {0-1 (48) Pezerovic,E (2439)-Postny,E (2631) Bad Wiessee 2013}) 9...
Be7 $1 (9... dxe4 $2 {Opening the centre at this moment is just bad for Black.}
10. Nxe4 Nxe4 11. Bxe4 Bb7 12. Qa4 Rc8 13. dxc5 Bxc5 14. Rd1 Qf6 15. O-O $16 {
1-0 (27) Sedlak,N (2565)-Prusikin,M (2493) Bayern 2014}) 10. e5 Nh5 {Black
gets the opportunity to grab the dark-squared bishop at any moment, so
objectively he is okay in this French type structure.} 11. a3 {Nakamura had
already played this position earlier this year against Kamsky, so Grischuk
could prepare this at home. An engine evaluates this position as slightly
preferable for Black, but from a human point of view White has some prospects
on the kingside where he has a superiority in space.} (11. O-O Bd7 12. Re1 Rc8
13. a3 Nxg3 14. hxg3 f5 15. dxc5 $6 bxc5 16. b4 g5 $15 {1/2-1/2 (60) Kamsky,G 
(2683)-Nakamura,H (2798) Saint Louis 2015}) 11... a5 {[%cal Gc8a6]} 12. Qe2 Ra7
$1 $146 {I like this move. The rook can be useful on the seventh rank. I don't
see the point of putting the bishop on d7 instead.} (12... c4 13. Bc2 b5 $6 (
13... g6 $142) 14. Ng5 $1 Bxg5 15. Qxh5 g6 16. Qe2 $14 {1/2-1/2 (59) Kramnik,V
(2777)-Zhigalko,S (2656) Berlin 2015}) 13. O-O (13. Nf1 $5 {[%cal Gf1e3] could
be a useful manoeuvre to transfer the more passive knight to a more active
square.}) 13... c4 14. Bc2 b5 15. h4 $5 (15. Nh4 $6 g6 {is getting nowhere for
White.}) 15... g6 $2 {Nakamura spent more than half an hour on this move, but
decided to keep the white bishop alive. Indeed it wasn't easy to envisage the
consequences of opening the f-file. However, it was important for Black to
swap his Nh5.} (15... Nxg3 16. fxg3 {Here Black has two options:} f5 (16... b4
17. axb4 axb4 {We can see now another plus of 12...Ra7 - the rook is protected.
} 18. Nxc4 Ba6 (18... dxc4 $2 19. Qe4 {[%cal Ge4c6,Ge4h7]}) 19. Rxa6 Rxa6 20.
Ne3 Qa8 $15) 17. g4 fxg4 (17... g6 {is probably safer.}) 18. Ng5 Bxg5 19. hxg5
Rxf1+ 20. Rxf1 Qxg5 21. Qf2 Qe7 22. Qf4 $44) 16. Bh2 $1 Bxh4 17. g4 $6 {
Tempting, but premature.} (17. Nxh4 Qxh4 18. Nf3 Qd8 (18... Qg4 19. Qe3 f5 20.
exf6 Rxf6 21. Ne5 Nxe5 22. Bxe5 Rf8 23. f3 Qh4 24. Qh6 Qe7 25. g3 $14 {[%csl
Gc2,Ge5][%cal Gg1g2,Gf1h1]}) 19. g4 Ng7 20. Kg2 $14 {[%cal Gf1h1]}) 17... Ng7 {
The knight is really misplaced here.} 18. Nxh4 (18. Qe3 Be7 19. Kg2 f5 20. exf6
Bxf6 21. Rh1 e5 $1 {Black should go for this to make the Bc8 and Ng7 alive and
kicking.} 22. dxe5 Be7 23. Bg3 Ne6 24. Qh6 Bc5 $15) 18... Qxh4 19. Kg2 f5 $1 {
The only way to get counterplay. Now the queenside rook can also join the
battle. Here we can also see the drawback of the premature 17.g4. White didn't
bring the knight to f3 in time to fight against the push f7-f5.} (19... h5 $2
20. Nf3 $1 Qxg4+ 21. Kh1 h4 22. Rg1 Qh5 23. Rg5 Qh6 24. Rag1 Nf5 25. Bf4 Qg7
26. Bxf5 exf5 27. Rh5 $1 {[%cal Gf4h6]} gxh5 28. Bh6 $1 Qxg1+ 29. Kxg1 $18 {
[%cal Gf3h4] Materially Black is doing fine, but his king will not survive due
to the horrible coordination of Black's forces.}) 20. exf6 Qxf6 21. Bd6 (21.
Nf3 e5 $1 22. Nxe5 Nxe5 23. Bxe5 Qg5 24. f3 Ne6 25. Rae1 Raf7 26. Qe3 Nf4+ 27.
Bxf4 Rxf4 $11) 21... Rff7 22. f4 $6 {It looks like White has full control over
the e5-square, but the breakthrough follows nevertheless...} (22. Qe3 e5 $1 {
Anyway!} 23. dxe5 Qd8 24. f3 Ne6 $15) {[%tqu "En","How can Black take over the
initiative?","","","e6e5","",10]} 22... e5 $1 23. dxe5 (23. fxe5 $2 Qg5 $17 {
[%csl Rg4]}) 23... Qh4 24. f5 {There is a real mess on the board! A human
player would need hours to understand this position, while both players were
down to their last minutes.} gxf5 $2 (24... Nxf5 $1 25. Bxf5 (25. gxf5 $2 gxf5
$19 {[%cal Gf7g7]}) (25. e6 Rg7 $17) 25... gxf5 26. Nf3 Qxg4+ 27. Kf2 Rg7 28.
Rg1 Qf4 $17) 25. Rh1 Qd8 (25... Qg5 26. Nf3 Qxg4+ 27. Kf2 d4 $1 28. Rag1 d3 29.
Qd2 $1 dxc2 30. Ng5 ({After} 30. Rxg4 $2 fxg4 {Black gets too much material
for the queen.}) 30... h5 $1 {The queen is just standing in front of the rook
like an equal piece!} 31. Nxf7 Rxf7 32. Rxg4 fxg4+ 33. Ke1 Bf5 34. Rf1 Nd8 $44)
26. Qe3 d4 $6 {This looks natural, opening the long diagonal against the white
king, but doesn't really work for Black.} (26... h5 $1 {Another pretty much
non-human move.} 27. Raf1 (27. Qh6 Ra6 $1 {[%cal Gc6e5,Ga6h6]}) 27... f4 $1 28.
Qc5 Bxg4 $1 29. Qxc6 Qg5 30. Nf3 Bh3+ $1 31. Kf2 Qg2+ 32. Ke1 Bd7 33. Qb6 Qxc2
34. Qxa7 Qb1+ 35. Kf2 Qc2+ $11) 27. cxd4 Ne8 $6 (27... Bb7 28. Kf2 $1 (28. d5
Nd4 $1 29. Qxd4 Ne6 30. Qe3 Bxd5+ {with a lot of play for the piece.}) 28...
Ne7 29. Bxe7 Qxe7 30. Rh6 fxg4+ 31. Ke2 Nf5 32. Bxf5 Rxf5 33. Rg1 $14) 28. Rh6
$2 {It was important to keep the bishop.} (28. Bc5 Rac7 29. Nf3 Rg7 30. Rag1
$16) 28... Rg7 29. Rg1 Rad7 $2 {Wasting a tempo.} (29... Rxg4+ 30. Kf1 Rxg1+
31. Qxg1+ Rg7 32. Qe3 Ne7 33. Bxe7 Qxe7 $13) 30. d5 $2 (30. Kf2 Nxd6 31. exd6
$16 Rxd6 $2 32. Rxd6 Qxd6 33. Qe8+ Qf8 34. Qxc6 $18) 30... Ne7 31. Bxe7 Rdxe7
32. Qd4 $1 {No, it's not a queen blunder!} Bb7 $2 {Again refraining from
taking on g4.} (32... Rxg4+ 33. Kf1 Reg7 34. Rxg4 Rxg4 35. Qc5 Qg5 $17) 33. Kf2
Qxd5 34. Qxd5+ Bxd5 35. Bxf5 Rxe5 36. Re1 Rxe1 37. Kxe1 {The time trouble is
not finished yet, but now after massive exchanges the dust has settled a bit.
Black is up a pawn, but White's activity should be sufficient for a draw.} b4
38. axb4 axb4 39. Be6+ Bxe6 40. Rxe6 Nc7 (40... Nc7 41. Rc6 $11) (40... Kf7 {
would force White to work a bit to make a draw, but Nakamura decided to call
it a day. It was a busy day!}) 1/2-1/2

[Event "EU-chT (Men) 20th"]
[Site "Reykjavik"]
[Date "2015.11.20"]
[Round "7.2"]
[White "Grischuk, Alexander"]
[Black "Fressinet, Laurent"]
[Result "1-0"]
[WhiteElo "2750"]
[BlackElo "2712"]
[Annotator "Adhiban,B"]
[PlyCount "85"]
[EventDate "2015.11.13"]
[EventType "team-swiss"]
[EventRounds "9"]
[EventCountry "ISL"]
[SourceTitle "CBM 170"]
[Source "ChessBase"]
[SourceDate "2016.01.15"]
[SourceVersion "1"]
[SourceVersionDate "2016.01.15"]
[SourceQuality "1"]
[WhiteTeam "Russia"]
[BlackTeam "France"]
[WhiteTeamCountry "RUS"]
[BlackTeamCountry "FRA"]

{Having won with White against Eljanov the previous day, feeling invincible 
(or perhaps lucky) Fressinet decides to go for the Berlin himself.} 1. e4 e5 2.
Nf3 Nc6 3. Bb5 Nf6 4. O-O Nxe4 5. d4 Nd6 6. Bxc6 dxc6 7. dxe5 Nf5 8. Qxd8+ Kxd8
9. h3 {Grischuk is one of the most loyal fightere for White's cause in this
endgame and his results in this are equal even to the great "Berlin slayer Don
Fabi". (You can trust me on this one, since I took a survey!)} h6 10. Rd1+ Ke8
11. Nc3 Ne7 12. b3 Bf5 13. Nd4 Bh7 14. Nce2 Rd8 15. Bb2 a6 (15... Nd5 16. c4
Nb4 17. Nf4 {was (Caruana-Carlsen 2015) which ended in a clean victory for
White.}) 16. c4 c5 17. Nf3 Nc6 18. Nf4 Bc2 19. Rxd8+ Nxd8 20. e6 $1 {Against
Grischuk you need to take great care not to allow this break which efficiently
tears apart the Berlin wall formation.} f6 (20... Nxe6 21. Re1 Rg8 22. Nxe6
fxe6 23. Rxe6+ {with the better endgame for White according to normal human
view while its totally equal according to computer view (0.10 to be exact) and
Berlin experts.}) 21. Rc1 $1 {An important move forcing the bishop to a more
vulnerable square where it can be targetted later on.} ({Also} 21. Re1 {
looks like a big advantage.}) 21... Bf5 $6 {Falling into White's plan.} (21...
Bh7 22. Re1 Nc6 23. Nh5 $36 {Only with initiative, since I am not "allowed" to
give an advantage against the Berlin.}) 22. Re1 Bd6 23. Nh4 $1 Bc2 24. Nh5 Rh7
25. f4 $1 {Since the pieces had reached their maximum potential, its time to
bring on the mighty pawns.} Nc6 26. g4 Nd4 27. f5 a5 28. Kf2 a4 {The typical
Berlin break but here White has achieved so much on the kingside that he can
totally laugh at it and proceed on the other wing.} 29. bxa4 Bxa4 30. Re3 b6
31. Ng6 {Saying goodbye to the rook, who didn't do anything wrong in life yet
had to suffer this sad fate.} Kd8 32. Rd3 Kc8 33. Ke3 (33. Ra3 $5 {was more
forcing.} Bc6 34. e7 Kb7 35. Re3 Be8 36. Bxd4 cxd4 37. Re6 $18) 33... Bc2 34.
Ra3 Nxe6 35. fxe6 Bxg6 36. Ra8+ Kb7 37. Rg8 f5 38. Bxg7 Bxh5 39. gxh5 Kc6 40.
a4 $1 {Preventing the only threat that Black had.} Kb7 41. Bf6 Kc6 42. Rg7 Rh8
(42... Rxg7 43. Bxg7) 43. Rxc7+ {Once again White prevailed in the fight for
truth in the Berlin!} 1-0

[Event "London Classic 7th"]
[Site "London"]
[Date "2015.12.04"]
[Round "1"]
[White "Grischuk, Alexander"]
[Black "Nakamura, Hikaru"]
[Result "1/2-1/2"]
[WhiteElo "2750"]
[BlackElo "2793"]
[Annotator "Roiz,M"]
[PlyCount "76"]
[EventDate "2015.12.04"]
[EventType "tourn"]
[EventRounds "9"]
[EventCountry "ENG"]
[EventCategory "22"]
[SourceTitle "CBM 170"]
[Source "ChessBase"]
[SourceDate "2016.01.15"]
[SourceVersion "1"]
[SourceVersionDate "2016.01.15"]
[SourceQuality "1"]

1. e4 e5 2. Nf3 Nc6 3. Bb5 Nf6 4. O-O Nxe4 5. d4 Nd6 6. Bxc6 dxc6 7. dxe5 Nf5
8. Qxd8+ Kxd8 9. h3 Ke8 10. Nc3 Be6 {One of many possible setups in the Berlin.
The position of theBe6 is rather unstable, but it is not easy for White to
benefit from that.} (10... h5 {is the most popular continuation here.}) 11. g4
{Alexander chooses the most ambitious way of handling the position. White
manages to make some progress on the k-side, but Black now gets some targets
for an attack too.} (11. Rd1 {, as was played by Vishy against Magnus Carlsen
in the same event looks somewhat more flexible here.}) 11... Ne7 12. Nd4 ({
Another way to challenge the bishop is} 12. Ng5 {, but Black shouldn't face
any problems, as was proved in 2 games of GM Arkadij Naiditsch:} Bc4 (12... Bd7
13. f4 h5 14. f5 hxg4 15. hxg4 Rh4 16. Rf4 Nd5 $132 {0-1 Volokitin,A (2695)
-Naiditsch,A (2712)/San Sebastian 2012}) 13. Re1 Nd5 14. e6 f6 15. Nf7 Nxc3 16.
bxc3 Rg8 $15 {0-1 Bobras,P (2535)-Naiditsch,A (2710)/Germany 2014}) 12... Bd7 {
Keeping the light-squared bishop on the board is almost necessary. Now Black
is ready to put some pressure on White's pawn chain by means of 13...h5.} 13.
Kh2 {A consistent, but somewhat slow approach. The king is coming to support
the vulnerable Pg4.} ({The other possibilities have been tested on the highest
level:} 13. f4 h5 14. f5 hxg4 15. hxg4 Rh4 16. Rf4 Nd5 17. Nxd5 cxd5 18. Nf3
Rh8 19. Be3 (19. Bd2 a5 20. Re1 Ra6 21. g5 Rh5 22. Bc3 Bc5+ 23. Kg2 d4 $132 {
Sutovsky,E (2700)-Iordachescu,V (2646)/Baku 2011}) 19... c5 20. c3 g5 21. Nxg5
Bh6 22. Rf2 Rg8 $11 {Karjakin,S (2762)-Mamedyarov,S (2736)/Baku AZE 2015}) (13.
Re1 h5 14. e6 fxe6 15. Nxe6 Bxe6 16. Rxe6 Kd7 17. Re2 hxg4 18. hxg4 Ng6 19. Bg5
Bd6 $11 {Caruana,F (2829)-Nakamura,H (2775)/London ENG 2014}) 13... c5 ({
There was nothing wrong also with} 13... Nd5 14. Ndb5 Kd8 15. Rd1 Kc8 16. Nxd5
cxd5 17. a4 c6 $11 {, but Hikaru's choice is more ambitious.}) 14. Ndb5 {
This retreat is the most aggressive, but White's setup is not harmonious now.}
({It was better to keep the balance by means of} 14. Nde2 h5 15. Kg3 Nc6 16.
Nd5 Rc8 17. Bf4 Nd4 18. Nxd4 cxd4 19. Rad1 c5 20. Bg5 $1 $11) 14... Kd8 {
Obviously, the Nb5 is poorly placed now.} 15. Be3 $146 {This novelty doesn't
change the unfavourable course of the game, but it is still a clear
improvement over the preceding game.} ({The following attempt to change the
character of the battle} 15. e6 $6 fxe6 16. Bf4 a6 {fails to} 17. Nxc7 Rc8 $2
$17 {Jarmula,L (2368)-Loetscher,R (2439)/Panevezys LTU 2015}) 15... a6 {
The Nb5 is misplaced and doesn't bother Black, so this move wasn't necessary.}
({Possibly, a more unpleasant move for Grischuk would be} 15... b6 $5 16. Rad1
Kc8 17. f4 h5 18. Kg3 g6 $15) 16. Na3 b6 17. Ne4 {Leaving the Na3 out of play
for a long time is very risky.} ({It was worth paying serious attention to} 17.
f4 $5 h5 18. Kg3 Nc6 (18... Kc8 19. Nc4 Bb5 20. b3 Nc6 21. Rad1 $132) 19. Nc4
Be7 20. Rad1 $132 {with complex double-edged play.}) 17... h5 18. Kg3 hxg4 19.
hxg4 Bc6 20. Ng5 $6 {Alexander moves another knight in a wrong direction.
Perhaps, he had underestimated Black's strong 21st move.} (20. Rad1+ {was much
better:} Ke8 21. Nc3 f5 22. exf6 gxf6 23. Nc4 $11) 20... Ke8 21. f4 $6 {
This aggressive advance leaves the king much more exposed.} (21. Rad1 Nd5 22.
Bc1 Be7 23. Rfe1 {with a slightly worse, but solid position.}) 21... f5 $1 {
Taking control over the f5-square. Now White is in trouble.} 22. Rad1 ({
Opening-up the g-file would definitely suit Black here:} 22. exf6 gxf6 23. Nf3
({The most ''aggressive''} 23. Ne6 $6 {invites more troubles:} Kf7 $1 24. f5 (
24. Nxc7 Ra7 $17) 24... Nd5 25. Bf4 Nxf4 26. Nxf4 b5 $1 $19 {[%csl Ra3,Rg3]
[%cal Gf8d6]}) 23... Rg8 24. Nh4 Kf7 $36 {Still, it was the lesser evil for
Alexander...}) 22... g6 $1 23. Ne6 fxg4 $1 {As a result of Black's powerful
play, the position is winning for Hikaru.} (23... Rc8 $6 {would be less
energetic:} 24. g5 Nd5 25. Bd2 Be7 26. c4 Kf7 27. cxd5 Bxd5 28. Nxc5 Bxc5 29.
Be3 $15) 24. Nxc7+ Kf7 25. e6+ ({The greedy} 25. Nxa8 {loses on the spot:} Nf5+
26. Kf2 Rh2+ 27. Ke1 Nxe3) 25... Kg8 26. Kxg4 Ra7 {A definite inaccuracy,
though it doesn't spoil the win yet.} ({A much simpler way was} 26... Rc8 $1
27. Nxa6 (27. Rd7 Nf5 28. Bf2 Bd6 $19) 27... Nf5 28. Bf2 Rh2 $19 {with
complete domination.}) 27. Rd7 $1 {The awkward placement of Ra7 leaves White
some hopes.} Nf5 28. Bf2 {The only defence.} Nh6+ 29. Kg3 Nf5+ 30. Kg4 Be7 $1 {
The most precise. White is going to lose the rook anyway.} (30... Bxd7 {
would be less convincing:} 31. exd7 Be7 32. Nd5 Rxd7 33. Nxb6 $17) 31. Rfd1
Nh6+ {A practical decision - it always makes sense to repeat the moves in
order to get some extra time.} 32. Kg3 Nf5+ 33. Kg4 Nh6+ $2 {However,
reepating the moves twice is an indisputable mistake.} ({GM Nakamura fails to
exploit the vulnerablity of the opponent's king by means of} 33... Rh5 $1 34.
Rxe7 ({But} 34. Rd8+ {is hopeless:} Bxd8 35. Rxd8+ Kg7 36. Ne8+ Kf8 37. Nf6+
Ke7 38. Nxh5 Kxd8 $19) ({There is also no time for slow play like} 34. Nc4 Nh6+
35. Kg3 Bh4+ 36. Kh2 Bxf2# $19) 34... Nxe7 35. Rd8+ Kh7 36. Rd7 Bxd7 37. exd7
Nc6 38. Ne6 Rd5 39. Nc4 Rb7 $19 {Despite the activity of all White's pieces,
Black should be able to convert the material advantage into a full point.}) 34.
Kg3 Rh7 $2 {Another step in the wrong direction.} ({The only way to
consolidate the position and keep some material advantage was:} 34... Kf8 $1
35. Nd5 ({Probably} 35. Nc4 {is worse:} Nf5+ 36. Kg4 Rh5 37. Rd8+ Bxd8 38.
Rxd8+ Ke7 39. Rc8 Rh2 $17) 35... Bxd7 36. exd7 Nf5+ 37. Kf3 Rxd7 38. Nc4 Bd8
39. Ne5 Rd6 40. Nc4 Re6 41. Ndxb6 Bxb6 42. Nxb6 Rh3+ 43. Kg2 Ne3+ 44. Bxe3
Rhxe3 $17) 35. Nc4 {The poor knight is coming back, so the main problem of
Alexander has been solved!} Nf5+ 36. Kg4 Nh6+ {Accepting a draw looks like a
reasonable decision now.} ({Now} 36... Rh5 {is much less effective than before:
} 37. Rd8+ $1 Bxd8 ({After} 37... Kg7 38. R1d7 {Black has to force a draw by
pereptual.}) 38. Rxd8+ Kg7 39. Ne8+ Kf8 ({Nor is anything achieved by} 39...
Bxe8 40. Rxe8 Re7 41. Rxe7+ Nxe7 42. Nxb6 $11) 40. Nf6+ Ke7 41. Rc8 Bb7 42.
Ng8+ Kxe6 43. Rf8 {the lack of harmony in Black's camp yields White sufficient
counterplay.}) 37. Kg3 Nf5+ 38. Kg4 Nh6+ 1/2-1/2